[Event "Belgrade Serbia op"]
[Site "Belgrade"]
[Date "2023.07.21"]
[Round "6"]
[White "Marjanovic, Rastko"]
[Black "Shahil, Dey"]
[Result "0-1"]
[WhiteElo "2072"]
[BlackElo "2333"]
[PlyCount "60"]
[EventDate "2023.07.16"]
[EventType "swiss"]
[EventRounds "9"]
[EventCountry "SRB"]
[SourceTitle "CBM 215 Extra"]
[Source "ChessBase"]
[SourceDate "2023.09.30"]
[SourceVersion "1"]
[SourceVersionDate "2023.09.30"]
[SourceQuality "1"]

1. e4 c5 2. c3 Nf6 3. e5 Nd5 4. Nf3 d6 5. d4 cxd4 6. Qxd4 e6 7. Nbd2 a6 8. exd6 Nc6 9. Qg4 Qxd6 10. Nc4 Qd8 11. Qg3 f6 12. a4 e5 13. Be2 Be6 14. 0-0 Qc7 15. a5 Bc5 16. Re1 0-0-0 17. Bf1 g5 18. b4 Ba7 19. b5 axb5 20. Na3 Nxc3 21. Bb2 b4 22. Bxc3 bxa3 23. Rxa3 h5 24. h4 g4 25. Nxe5 fxe5 26. Bxe5 Nxe5 27. Rxe5 Bd5 28. Rc3 Bc6 29. a6 Kb8 30. axb7 Bd4 0-1

[Event "Paracin op-A 15th"]
[Site "Paracin"]
[Date "2022.07.09"]
[Round "3"]
[White "Marjanovic, Rastko"]
[Black "Temizer, Umut"]
[Result "0-1"]
[WhiteElo "2140"]
[BlackElo "1921"]
[PlyCount "58"]
[EventDate "2022.07.08"]
[EventType "swiss"]
[EventRounds "9"]
[EventCountry "SRB"]
[SourceTitle "EXT 2023"]
[Source "ChessBase"]
[SourceDate "2022.10.05"]
[SourceVersion "1"]
[SourceVersionDate "2022.10.05"]
[SourceQuality "1"]

1. e4 c5 2. c3 d5 3. exd5 Qxd5 4. Nf3 g6 5. Na3 Bg7 6. Bc4 Qe4+ 7. Be2 Nf6 8. 0-0 0-0 9. Re1 Nc6 10. h3 Qf5 11. Qa4 e5 12. d3 Bd7 13. Qc2 b6 14. Nc4 Nd5 15. Ng5 Nf4 16. Bg4 Qxg5 17. Bxf4 exf4 18. Bxd7 f3 19. g3 Qd5 20. Bg4 Rae8 21. Ne3 Qd6 22. Bxf3 Ne5 23. Be4 f5 24. Bd5+ Kh8 25. f4 Nd7 26. Bg2 Re6 27. Nc4 Qe7 28. Qf2 Re8 29. d4 Rxe1+ 0-1

[Event "Paracin op-A 15th"]
[Site "Paracin"]
[Date "2022.07.09"]
[Round "2"]
[White "Utsab, Chatterjee"]
[Black "Marjanovic, Rastko"]
[Result "1-0"]
[WhiteElo "2377"]
[BlackElo "2140"]
[PlyCount "83"]
[EventDate "2022.07.08"]
[EventType "swiss"]
[EventRounds "9"]
[EventCountry "SRB"]
[SourceTitle "EXT 2023"]
[Source "ChessBase"]
[SourceDate "2022.10.05"]
[SourceVersion "1"]
[SourceVersionDate "2022.10.05"]
[SourceQuality "1"]

1. e4 e5 2. Nf3 Nc6 3. Bb5 a6 4. Ba4 Nge7 5. c3 g6 6. d4 exd4 7. cxd4 Bg7 8. d5 b5 9. Bc2 Nb4 10. Bb3 a5 11. a3 Na6 12. d6 cxd6 13. Nc3 Nc7 14. Bf4 0-0 15. 0-0 Bb7 16. Qxd6 Ne6 17. Be5 Ra6 18. Qd2 Bxe5 19. Nxe5 Nc5 20. Bc2 Re6 21. Qd4 Qb6 22. Rfd1 Rd8 23. Ng4 f6 24. b4 axb4 25. axb4 Na4 26. Nxb5 Qxb5 27. Bxa4 Qg5 28. Bb3 d5 29. exd5 Red6 30. Ne3 Nf5 31. Nxf5 Qxf5 32. Ra5 Qh5 33. Re1 Qg5 34. h4 Qf5 35. Rb5 Qd7 36. Rb6 Qc7 37. Rxd6 Qxd6 38. Re6 Qb8 39. d6 Kh8 40. d7 Kg7 41. Qe3 Rxd7 42. Re8 1-0

[Event "Belgrade-chT"]
[Site "Belgrade"]
[Date "2020.10.13"]
[Round "9.6"]
[White "Marjanovic, Rastko"]
[Black "Simonovic, Miroslav"]
[Result "1-0"]
[WhiteElo "1921"]
[BlackElo "2129"]
[PlyCount "81"]
[EventDate "2020.10.04"]
[EventType "team-tourn"]
[EventRounds "9"]
[EventCountry "SRB"]
[SourceTitle "EXT 2022"]
[Source "ChessBase"]
[SourceDate "2021.10.06"]
[SourceVersion "1"]
[SourceVersionDate "2021.10.06"]
[SourceQuality "1"]
[WhiteTeam "Grocka Pobednik"]
[BlackTeam "Politika"]
[WhiteTeamCountry "SRB"]
[BlackTeamCountry "SRB"]

1. e4 c5 2. c3 d5 3. exd5 Qxd5 4. Nf3 Bf5 5. d4 Bxb1 6. Rxb1 Qxa2 7. Be3 Nf6 8. Ne5 e6 9. Bb5+ Nbd7 10. dxc5 Rd8 11. Bg5 a6 12. Bxd7+ Rxd7 13. Nxd7 Nxd7 14. 0-0 Bxc5 15. b4 Be7 16. Bxe7 Kxe7 17. Qd4 e5 18. Qe4 Rc8 19. Qxb7 Rxc3 20. Ra1 Qc4 21. Rfd1 Qc6 22. Qxa6 Qxa6 23. Rxa6 e4 24. Ra7 Rd3 25. Rxd3 exd3 26. Kf1 Kd6 27. Ke1 g5 28. Rxd7+ Kxd7 29. Kd2 Kc6 30. Kxd3 Kd5 31. g4 h6 32. h3 Ke5 33. b5 Kd5 34. b6 Kc6 35. Ke4 Kxb6 36. Kf5 Kc5 37. Kf6 Kd4 38. Kxf7 Ke4 39. Kg6 Kf3 40. Kxh6 Kxf2 41. Kxg5 1-0

[Event "Belgrade-chT"]
[Site "Belgrade"]
[Date "2020.10.07"]
[Round "4.6"]
[White "Marjanovic, Rastko"]
[Black "Djurasevic, Branislav"]
[Result "0-1"]
[WhiteElo "1921"]
[BlackElo "2055"]
[PlyCount "112"]
[EventDate "2020.10.04"]
[EventType "team-tourn"]
[EventRounds "9"]
[EventCountry "SRB"]
[SourceTitle "EXT 2022"]
[Source "ChessBase"]
[SourceDate "2021.10.06"]
[SourceVersion "1"]
[SourceVersionDate "2021.10.06"]
[SourceQuality "1"]
[WhiteTeam "Grocka Pobednik"]
[BlackTeam "Mirjevo"]
[WhiteTeamCountry "SRB"]
[BlackTeamCountry "SRB"]

1. e4 c5 2. c3 d5 3. exd5 Qxd5 4. Nf3 e5 5. Na3 Bd7 6. Bc4 Qe4+ 7. Kf1 f6 8. d3 Qc6 9. Qb3 Ne7 10. Be3 Na6 11. Bf7+ Kd8 12. Rd1 Qa4 13. d4 Qxb3 14. axb3 cxd4 15. cxd4 e4 16. Nd2 f5 17. f3 Be8 18. Bxe8 Kxe8 19. fxe4 fxe4 20. Nxe4 Nd5 21. Re1 Bb4 22. Bd2 Rf8+ 23. Kg1 Bxd2 24. Nxd2+ Kd7 25. Nf3 Nab4 26. Ne5+ Kd8 27. g3 Rc8 28. Re2 a6 29. Kg2 b5 30. Rhe1 Rf5 31. Rf1 Rxf1 32. Kxf1 Rc1+ 33. Kg2 h6 34. Nf7+ Kd7 35. Ne5+ Kc7 36. h3 Kb7 37. Kh2 Rd1 38. Nf3 Rd3 39. Kg2 Rxb3 40. Rd2 Nd3 41. Nc2 Rxb2 42. Rxd3 Rxc2+ 43. Kg1 Rc3 44. Ne5 Rxd3 45. Nxd3 a5 46. Kf2 a4 47. Ke1 Ne3 48. Kd2 Nf5 49. Nc5+ Kc6 50. Kc3 Nxg3 51. Ne6 Nf5 52. Nd8+ Kd5 53. Nb7 Nxd4 54. Kb4 g5 55. Kc3 a3 56. Na5 b4+ 0-1

[Event "Paracin Summer op"]
[Site "Paracin"]
[Date "2020.07.03"]
[Round "1"]
[White "Marjanovic, Rastko"]
[Black "Cabarkapa, Novak"]
[Result "0-1"]
[WhiteElo "1932"]
[BlackElo "2459"]
[PlyCount "94"]
[EventDate "2020.07.03"]
[EventType "swiss"]
[EventRounds "9"]
[EventCountry "SRB"]
[SourceTitle "CBM 197 Extra"]
[Source "ChessBase"]
[SourceDate "2020.09.30"]
[SourceVersion "1"]
[SourceVersionDate "2020.09.30"]
[SourceQuality "1"]

1. Nf3 Nf6 2. g3 g6 3. Bg2 Bg7 4. 0-0 0-0 5. d3 d5 6. c4 c6 7. Nbd2 Re8 8. Qc2 Na6 9. a3 e5 10. e4 dxe4 11. dxe4 Nc5 12. b4 Nd3 13. Bb2 Nxb2 14. Qxb2 b6 15. Rfd1 Qe7 16. Qc2 Bf8 17. Nb1 a5 18. b5 Qc5 19. Qe2 Be6 20. Nbd2 a4 21. bxc6 Ra5 22. Rdb1 Qxc6 23. Ne1 Rd8 24. Nc2 Bg4 25. f3 Be6 26. Ne3 Bc5 27. Kh1 Qd6 28. Nd5 Nh5 29. Nf1 Kh8 30. Rd1 Qf8 31. Rd3 Bd4 32. Rb1 Rc5 33. Rdd1 b5 34. Rb4 bxc4 35. Rxc4 Rxc4 36. Qxc4 Qxa3 37. Rxd4 exd4 38. Qxd4+ Ng7 39. Qb6 Qd6 40. Qa5 Bxd5 41. exd5 a3 42. Ne3 Rc8 43. Bf1 Qc5 44. Qa6 Re8 45. Nc4 Qf2 46. Nxa3 Re1 47. Qa8+ Ne8 0-1

[Event "Belgrade-chTB Quality"]
[Site "Belgrade"]
[Date "2018.11.04"]
[Round "11.8"]
[White "Gemovic, Marko"]
[Black "Marjanovic, Rastko"]
[Result "1/2-1/2"]
[WhiteElo "1672"]
[BlackElo "1620"]
[PlyCount "46"]
[EventDate "2018.09.29"]
[EventType "team-tourn"]
[EventRounds "11"]
[EventCountry "SRB"]
[SourceTitle "EXT 2022"]
[Source "ChessBase"]
[SourceDate "2021.10.06"]
[SourceVersion "1"]
[SourceVersionDate "2021.10.06"]
[SourceQuality "1"]
[WhiteTeam "Belgrade Borca"]
[BlackTeam "Belgrade Romanticari"]
[WhiteTeamCountry "SRB"]
[BlackTeamCountry "SRB"]

1. d4 Nf6 2. Bg5 d5 3. Bxf6 exf6 4. Nf3 Bd6 5. e3 0-0 6. Bd3 c6 7. Nbd2 Re8 8. 0-0 Nd7 9. c4 dxc4 10. Nxc4 Bc7 11. Qc2 g6 12. b4 Nf8 13. a4 Bg4 14. Ncd2 Rc8 15. Rfc1 Qe7 16. Qb3 Kg7 17. b5 h5 18. bxc6 bxc6 19. Ba6 Rb8 20. Qc4 Rb6 21. a5 Rbb8 22. Qxc6 Bd6 23. Nc4 Bb4 1/2-1/2